Eichmann (Record no. 145448)

MARC details
000 -LEADER
campo de control de longitud fija 00600nam a2200193 4500
001 - NÚMERO DE CONTROL
campo de control 145448
003 - IDENTIFICADOR DE NÚMERO DE CONTROL
campo de control ES-MaACL
005 - FECHA Y HORA DE LA ÚLTIMA TRANSACCIÓN
campo de control 20230906201232.0
007 - CAMPO FIJO DE DESCRIPCIÓN FÍSICA--INFORMACIÓN GENERAL
campo de control de longitud fija t|
008 - DATOS DE LONGITUD FIJA--INFORMACIÓN GENERAL
campo de control de longitud fija 070214s1960 sp r ||||1| spa d
100 1# - ENTRADA PRINCIPAL--NOMBRE DE PERSONA
Nombre de persona Stern, Benjamin.
9 (RLIN) 108122
245 10 - MENCIÓN DEL TÍTULO
Título Eichmann
Resto del título : su vida, sus víctimas /
Mención de responsabilidad, etc. [por Benjamin Stern y Pelagia Lewinska].
250 ## - MENCION DE EDICION
Mención de edición 2ª ed.
260 ## - PUBLICACIÓN, DISTRIBUCIÓN, ETC.
Lugar de publicación, distribución, etc. Barcelona :
Nombre del editor, distribuidor, etc. Fomento Internacional de Cultura,
Fecha de publicación, distribución, etc. [1960] (
Fabricante Saturno)
300 ## - DESCRIPCIÓN FÍSICA
Extensión 286 p., 5 lám. ;
Dimensiones 13 cm.
600 14 - PUNTO DE ACCESO ADICIONAL DE MATERIA--NOMBRE DE PERSONA
Nombre de persona Eichmann, Adolf.
9 (RLIN) 46812
700 1# - ENTRADA AGREGADA--NOMBRE PERSONAL
Nombre de persona Lewinska, Pelagia.
9 (RLIN) 72035
852 ## - LOCALIZACIÓN
Ubicación ES-MaACL
Número de control de estantería C-19724
Holdings
Estatus retirado Estado de pérdida Estado de daño No para préstamo Biblioteca de origen Biblioteca actual Ubicación en estantería Fecha de adquisición Fuente de adquisición Total de préstamos Signatura topográfica completa Código de barras Visto por última vez Precio de reemplazo Tipo de ítem Koha
        Biblioteca del Ateneo de Madrid Biblioteca del Ateneo de Madrid Galería 17/01/2008     C-19724 1151824 23/02/2023 23/02/2023 Libro impreso